| 000 | 00492nam a22001817a 4500 | ||
|---|---|---|---|
| 008 | 131009b xxu||||| |||| 00| 0 ger d | ||
| 020 | _a3499611937 | ||
| 041 | 0 | _ager | |
| 080 | _a007 | ||
| 100 | 1 |
_aDörner, Dietrich _d1938 |
|
| 245 | 1 | 0 |
_aBauplan für eine Seele / _cDietrich Dörner |
| 260 |
_aHamburg : _bRowohlt Taschenbuch Verlag ; _c1998 |
||
| 300 |
_a831 f. : _bme il. ; _c21 cm. |
||
| 500 | _aLiteratur : f. 817 - 822 | ||
| 650 | _aKibernetika | ||
| 650 | _aRobotët | ||
| 942 |
_2udc _cBK |
||
| 999 |
_c55 _d55 |
||